| 000 | 00654nam a2200241 a 4500 | ||
|---|---|---|---|
| 001 | BRCA_5370 | ||
| 005 | 20190320205041.0 | ||
| 008 | 081210s1941----sz-a######---#000-0#ger-# | ||
| 041 | _ager | ||
| 044 | _asz | ||
| 050 | 4 |
_aN7153 _b.M35 1941 |
|
| 100 | 1 |
_aMajor, Emil _913745 |
|
| 245 | 1 | 0 |
_aURS Graf _cEmil Major und Erwin Gradmann. |
| 260 |
_aSuiza _bIm-Holbein _c[1941?] |
||
| 300 |
_a41 p. _bil., 151 láminas _c32 cm. |
||
| 500 | _aIncluye índice de ilustraciones | ||
| 500 | _aE114 | ||
| 504 | _aBibliografía: p. 41 | ||
| 600 | 1 | 4 |
_aGraf, Urs _d1485-1527 _913746 |
| 700 | 1 |
_aGradmann, Erwin _eCoautor _99369 |
|
| 902 | _aGFM | ||
| 942 |
_2lcc _cB |
||
| 999 |
_c5064 _d5064 |
||